| 000 | 00476nam a2200169Ia 4500 | ||
|---|---|---|---|
| 999 |
_c17134 _d17134 |
||
| 082 | _a025 RIA-; | ||
| 100 | _aRiaz, Muhhammad | ||
| 245 | 0 | _aModern techniques of documentation and information work | |
| 260 |
_aNew Delhi _bAtlantic Publishers _c1989 |
||
| 300 | _a260p. | ||
| 650 | _aDocumentation | ||
| 650 | _aInformation resources | ||
| 650 | _aInformation technology | ||
| 650 | _aLibrary science | ||
| 650 | _aInformation storage and retrieval systems | ||
| 942 | _cBK | ||